| 000 | nam a22 7a 4500 | ||
|---|---|---|---|
| 999 |
_c126371 _d126371 |
||
| 008 | 170407b xxu||||| |||| 00| 0 eng d | ||
| 050 | _aDG575.G69 F513 | ||
| 100 |
_aFiori, Giuseppe _929724 |
||
| 245 |
_aAntonio Gramsci _cGiuseppe Fiori _blife of a revolutionary |
||
| 260 |
_aLondon _bVerso _c1990 |
||
| 300 |
_a304p. ; _c22cm. |
||
| 600 |
_aGramsci, Antonio _929740 |
||
| 942 |
_2lcc _cMONOGRAPH |
||